Croatia UEFA European Championships XIs - Statistics

General Stats
  • This quiz has been taken 163 times
  • The average score is 25 of 53
Answer Stats
Answer % Correct
Luka Modrić
99%
Niko Kovač
93%
Robert Kovač
93%
Ivan Rakitić
88%
Mario Mandžukić
88%
Joško Gvardiol
87%
Dominik Livaković
86%
Domagoj Vida
85%
Mateo Kovačić
85%
Andrej Kramarić
84%
Ivan Perišić
84%
Danijel Subašić
83%
Marcelo Brozović
83%
Davor Šuker
79%
Darijo Srna
71%
Ivica Olić
69%
Ante Rebić
56%
Stipe Pletikosa
52%
Bruno Petković
51%
Vedran Ćorluka
50%
Josip Stanišić
49%
Lovro Majer
47%
Ivan Strinić
46%
Josip Juranović
46%
Zvonimir Boban
43%
Ante Budimir
41%
Robert Prosinečki
41%
Duje Ćaleta-Car
40%
Dado Pršo
39%
Niko Kranjčar
37%
Robert Jarni
37%
Josip Šimunić
35%
Josip Šutalo
35%
Igor Tudor
33%
Slaven Bilić
33%
Danijel Pranjić
32%
Dario Šimić
31%
Mario Stanić
29%
Aljoša Asanović
28%
Marin Pongračić
26%
Dražen Ladić
25%
Milan Badelj
25%
Goran Vlaović
24%
Igor Štimac
24%
Nikica Jelavić
24%
Ognjen Vukojević
20%
Gordon Schildenfeld
17%
Milan Rapaić
17%
Nikola Jerkan
12%
Tomislav Butina
12%
Nenad Bjelica
6%
Tomo Šokota
6%
Đovani Roso
4%
No matching quizzes found
Score Distribution
Percent of People with Each Score
Percentile by Number Answered
Your Score History
You have not taken this quiz